Estadísticas de precios de granos básicos y otros productos en Centroamérica en 1971-73
Sin resumen
Guardat en:
| Autor corporatiu: | |
|---|---|
| Format: | Text |
| Publicat: |
Guatemala:
SIECA
|
| Matèries: | |
| Etiquetes: |
Afegir etiqueta
Sense etiquetes, Sigues el primer a etiquetar aquest registre!
|
MARC
| LEADER | 00000 a a2200000 04500 | ||
|---|---|---|---|
| 001 | 19726 | ||
| 003 | |||
| 040 | |||
| 090 | |a 079200 | ||
| 110 | |a SIECA | ||
| 245 | |a Estadísticas de precios de granos básicos y otros productos en Centroamérica en 1971-73 | ||
| 260 | |a Guatemala: |b SIECA | ||
| 300 | |a 74 p. | ||
| 520 | |a Sin resumen | ||
| 650 | |a PRECIOS AGRICOLAS | ||
| 999 | |c 11558 |d 11558 | ||
